[Event "TCh-RUS HL 2019"]
[Site "Sochi RUS"]
[Date "2019.05.08"]
[Round "7.3"]
[Board "3"]
[White "Makarian, Rudik"]
[Black "Golubev, Roman"]
[Result "1-0"]
[WhiteTitle "IM"]
[BlackTitle "IM"]
[WhiteElo "2348"]
[BlackElo "2378"]
[WhiteTeam "Botvinnik School (Moscow)"]
[BlackTeam "Grandmaster Academy / Chess-trans"]
[WhiteFideId "44105681"]
[BlackFideId "14202344"]
[EventDate "2019.05.01"]

1. Nf3 Nf6 2. c4 c5 3. g3 d5 4. Bg2 Nc6 5. cxd5 Nxd5 6. Nc3 Nxc3 7. bxc3 g6 8.
O-O Bg7 9. Rb1 Qa5 10. d4 O-O 11. d5 Ne5 12. Nxe5 Bxe5 13. Bh6 Re8 14. Qc2 Qxc3
15. Qa4 Bf5 16. e4 Bg4 17. Rfc1 Qd4 18. Qc2 c4 19. h3 Bd7 20. Rxb7 Bc8 21. Rb4
Ba6 22. Be3 Qd3 23. Qa4 Bd6 24. Bf1 Qxe4 25. Rbb1 Rab8 26. Rxb8 Rxb8 27. Qxa6
Bxg3 28. Qxc4 Qe5 29. Bd4 1-0

[Event "TCh-RUS HL 2019"]
[Site "Sochi RUS"]
[Date "2019.05.08"]
[Round "7.3"]
[Board "4"]
[White "Vdovin, Vadim"]
[Black "Yeritsyan, Aram"]
[Result "0-1"]
[WhiteTitle "FM"]
[BlackTitle "FM"]
[WhiteElo "2361"]
[BlackElo "2299"]
[WhiteTeam "Grandmaster Academy / Chess-trans"]
[BlackTeam "Botvinnik School (Moscow)"]
[WhiteFideId "24107158"]
[BlackFideId "34161047"]
[EventDate "2019.05.01"]

1. e4 c6 2. d4 d5 3. Nc3 dxe4 4. Nxe4 Bf5 5. Ng3 Bg6 6. c3 Nf6 7. h4 h6 8. Nh3
e6 9. Nf4 Bh7 10. Nfh5 Nbd7 11. Bc4 Rg8 12. Qf3 Bd6 13. Bf4 Qc7 14. Bxd6 Qxd6
15. O-O O-O-O 16. Rfe1 Rdf8 17. Nxf6 Nxf6 18. a4 Nd5 19. a5 g5 20. hxg5 Rxg5 21.
a6 b6 22. Bxd5 Rxd5 23. b4 Bg6 24. Rad1 b5 25. Rc1 Kd7 26. c4 bxc4 27. Rxc4 Rb8
28. Nf1 Rxb4 29. Ne3 Rxd4 30. Rec1 Rbxc4 31. Nxc4 Qd5 32. Qb3 Ke7 33. Qb7+ Kf6
34. Ne3 Qd7 35. Qb8 Kg7 36. Qe5+ Kh7 37. Qc5 Kg7 38. Qe5+ Kh7 39. Qc5 Rd2 40.
Rc4 h5 41. g4 hxg4 42. Rxg4 Kg8 43. Qe5 Qd6 44. Qf6 e5 45. Qg5 Rd4 46. Rg3 Rf4
47. Ng4 Qd1+ 48. Kh2 Qe2 49. Nf6+ Kf8 50. Nd7+ Kg7 51. Rg2 Rxf2 52. Qf6+ Rxf6
53. Rxe2 Rd6 54. Nb8 e4 55. Kg3 c5 56. Rb2 c4 57. Rb7 c3 58. Rxa7 Rb6 59. Nd7
Rc6 60. Rb7 c2 0-1

[Event "TCh-RUS HL 2019"]
[Site "Sochi RUS"]
[Date "2019.05.08"]
[Round "7.4"]
[Board "1"]
[White "Gutenev, Alexander"]
[Black "Musalov, Ruslan"]
[Result "1-0"]
[WhiteTitle "IM"]
[BlackTitle "IM"]
[WhiteElo "2460"]
[BlackElo "2338"]
[WhiteTeam "South Ural (Chelyabinsk region)"]
[BlackTeam "Dagestan"]
[WhiteFideId "4195540"]
[BlackFideId "4141490"]
[EventDate "2019.05.01"]

1. e4 e5 2. Nf3 Nc6 3. Bb5 Nf6 4. O-O Nxe4 5. d4 Nd6 6. Bxc6 dxc6 7. dxe5 Nf5 8.
Qxd8+ Kxd8 9. h3 h6 10. Rd1+ Ke8 11. Nc3 Be6 12. g4 Ne7 13. Nd4 Bd7 14. Kh2 Nd5
15. Ne4 a5 16. c4 Nb6 17. b3 a4 18. Be3 Bc8 19. f4 h5 20. Kg3 hxg4 21. hxg4 Nd7
22. e6 Nf6 23. Ng5 fxe6 24. Ndxe6 Bxe6 25. Nxe6 Kf7 26. Rd8 Bd6 27. Ng5+ Kg6 28.
Rxd6 1-0

[Event "TCh-RUS HL 2019"]
[Site "Sochi RUS"]
[Date "2019.05.08"]
[Round "7.4"]
[Board "2"]
[White "Tekeyev, Zaur"]
[Black "Drygalov, Andrey"]
[Result "0-1"]
[WhiteTitle "FM"]
[BlackTitle "IM"]
[WhiteElo "2386"]
[BlackElo "2481"]
[WhiteTeam "Dagestan"]
[BlackTeam "South Ural (Chelyabinsk region)"]
[WhiteFideId "4199731"]
[BlackFideId "24171735"]
[EventDate "2019.05.01"]

1. e4 c5 2. Nf3 d6 3. Bb5+ Nd7 4. a4 a6 5. Bc4 Ngf6 6. Nc3 e6 7. a5 Be7 8. O-O
O-O 9. Re1 Qc7 10. d3 b5 11. axb6 Nxb6 12. Bb3 Bb7 13. Qe2 Rfc8 14. Bf4 c4 15.
Ba2 Nfd7 16. d4 Re8 17. Rad1 Rac8 18. Qd2 Qb8 19. h3 Bf8 20. Bb1 Qa8 21. Bg5 f6
22. Bh4 e5 23. d5 Nc5 24. Nh2 Rc7 25. Ng4 Qd8 26. Ba2 Qd7 27. Ne3 Nca4 28. Rb1
Rec8 29. f3 Rc5 30. Bf2 Nxc3 31. bxc3 Rb5 32. Qe2 Qc7 33. Rb4 Rxb4 34. cxb4 Be7
35. c3 Bd8 36. Rc1 Be7 37. Kh1 Bd8 38. Qf1 Kf7 39. Qg1 Qd7 40. Qf1 Qc7 41. Kh2
g6 42. g4 Kg7 43. Bg3 Qd7 44. Bxc4 Nxc4 45. Nxc4 f5 46. gxf5 gxf5 47. Bf2 Kh8
48. Ne3 fxe4 49. fxe4 Bg5 50. Rc2 Rf8 51. Qg2 Bf4+ 52. Kh1 Qa4 53. Rc1 Rg8 54.
Qf3 Qa3 55. Qd1 Bc8 56. Rc2 Bxh3 57. Bh4 Rg6 58. Ng2 Bxg2+ 59. Rxg2 Qxc3 60.
Rxg6 Qh3+ 61. Kg1 hxg6 62. Bf6+ Kg8 63. Kf2 Qh2+ 64. Kf1 Qh1+ 65. Ke2 Qxe4+ 66.
Kf2 Be3+ 67. Kf1 Qf4+ 68. Ke2 Qg4+ 69. Ke1 Qxb4+ 0-1

[Event "TCh-RUS HL 2019"]
[Site "Sochi RUS"]
[Date "2019.05.08"]
[Round "7.4"]
[Board "3"]
[White "Radzhabov, Rodion"]
[Black "Alikhanov, Felix"]
[Result "0-1"]
[WhiteTitle "FM"]
[BlackTitle "IM"]
[WhiteElo "2406"]
[BlackElo "2455"]
[WhiteTeam "South Ural (Chelyabinsk region)"]
[BlackTeam "Dagestan"]
[WhiteFideId "884715"]
[BlackFideId "4157427"]
[EventDate "2019.05.01"]

1. e4 e6 2. d4 d5 3. Nc3 Be7 4. Bd3 Nf6 5. e5 Nfd7 6. Nce2 c5 7. c3 Nc6 8. Nf3
cxd4 9. cxd4 O-O 10. O-O f6 11. exf6 Nxf6 12. Re1 Bb4 13. Bd2 Bxd2 14. Qxd2 Qd6
15. Ng3 Bd7 16. Rac1 Rae8 17. Bb5 Nd8 18. Bf1 Nf7 19. Ne5 Qb6 20. h3 Bc6 21.
Nxf7 Rxf7 22. b4 a6 23. Re3 Ne4 24. Nxe4 dxe4 25. Qc3 Bd5 26. a3 Ref8 27. Rc2
Qd8 28. g3 h5 29. Bg2 h4 30. g4 Rf4 31. Qe1 Qf6 32. Rd2 b5 33. Bxe4 Rxe4 34.
Rxe4 Qf3 35. Rde2 Rf4 0-1

[Event "TCh-RUS HL 2019"]
[Site "Sochi RUS"]
[Date "2019.05.08"]
[Round "7.4"]
[Board "4"]
[White "Kamaev, Dzhabrail"]
[Black "Kazantsev, Nikita"]
[Result "1-0"]
[WhiteElo "1982"]
[BlackElo "2197"]
[WhiteTeam "Dagestan"]
[BlackTeam "South Ural (Chelyabinsk region)"]
[WhiteFideId "34164798"]
[BlackFideId "24175633"]
[EventDate "2019.05.01"]

1. e4 e5 2. Nf3 Nc6 3. Bb5 f5 4. d4 fxe4 5. Nxe5 Nxe5 6. dxe5 c6 7. Be2 Qa5+ 8.
Nc3 Qxe5 9. O-O d5 10. Be3 Bd6 11. g3 Nf6 12. Bd4 Qe7 13. f3 Bh3 14. Re1 O-O 15.
fxe4 Nxe4 16. Bd3 Bf5 17. Qe2 Bc5 18. Qe3 Bxd4 19. Qxd4 Qc5 20. Rxe4 Qd6 21. Rf4
Bxd3 22. cxd3 Rxf4 23. Qxf4 Qc5+ 24. d4 Qb4 25. Rf1 h6 26. Rf2 Kh8 27. Qe5 a5
28. a3 Qc4 29. Rf7 Rg8 30. Rxb7 c5 31. Qxd5 Qd3 32. Qe4 Qd2 33. Qe2 Qc1+ 34. Qf1
Qe3+ 35. Qf2 Qc1+ 36. Kg2 cxd4 37. Qxd4 Qc2+ 38. Qf2 Qc1 39. Rf7 Kh7 40. Nd5 Qc6
41. Qf5+ Kh8 42. Kh3 Qd6 43. Nf6 1-0

[Event "TCh-RUS HL 2019"]
[Site "Sochi RUS"]
[Date "2019.05.08"]
[Round "7.5"]
[Board "1"]
[White "Grishchenko, Sergey1"]
[Black "Pogromsky, Mikhail"]
[Result "1/2-1/2"]
[WhiteTitle "IM"]
[BlackTitle "IM"]
[WhiteElo "2415"]
[BlackElo "2415"]
[WhiteTeam "Metrum Group (Smolensk region)"]
[BlackTeam "Polytechnic (Sverdlovsk region)"]
[WhiteFideId "4136730"]
[BlackFideId "4184688"]
[EventDate "2019.05.01"]

1. d4 Nf6 2. c4 e6 3. Nf3 b6 4. a3 Bb7 5. Nc3 Ne4 6. Nxe4 Bxe4 7. e3 Qc8 8. Ng5
Bg6 9. h4 h5 10. Qf3 Nc6 11. b4 Be7 12. Bb2 Bf6 13. Rd1 Ne7 14. e4 d5 15. e5
Bxg5 16. hxg5 dxc4 17. Bxc4 c6 18. b5 a6 19. bxc6 Qxc6 20. Qxc6+ Nxc6 21. d5 Na5
22. Ba2 exd5 23. Bxd5 Rd8 24. Rh4 O-O 25. Rb4 b5 26. Rd2 Bf5 27. a4 Rb8 28. axb5
Rxb5 29. Rxb5 axb5 30. Bc3 Nc4 31. Ra2 Nb6 32. Bf3 g6 33. Ra5 Bd7 34. Bd4 Rb8
35. Ra7 Be6 36. Rb7 Rxb7 37. Bxb7 Nd5 38. g3 b4 39. Bxd5 Bxd5 40. Bc5 b3 41. Ba3 1/2-1/2

[Event "TCh-RUS HL 2019"]
[Site "Sochi RUS"]
[Date "2019.05.08"]
[Round "7.5"]
[Board "2"]
[White "Ozgibcev, Anatoly"]
[Black "Potapov, Alexey"]
[Result "1/2-1/2"]
[BlackTitle "IM"]
[WhiteElo "2368"]
[BlackElo "2370"]
[WhiteTeam "Polytechnic (Sverdlovsk region)"]
[BlackTeam "Metrum Group (Smolensk region)"]
[WhiteFideId "4139704"]
[BlackFideId "4182138"]
[EventDate "2019.05.01"]

1. e4 c6 2. d3 e5 3. Nf3 Nf6 4. Nbd2 Qc7 5. c3 Be7 6. Be2 O-O 7. O-O d5 8. Re1
dxe4 9. dxe4 Rd8 10. Qc2 Nbd7 11. h3 Nf8 12. Nc4 Ng6 13. a4 b6 14. Bf1 h6 15.
Ne3 Be6 16. Bc4 Bxc4 17. Nxc4 b5 18. Ne3 Bf8 19. Nf5 Nd7 20. Be3 Nb6 21. axb5
cxb5 22. Bxb6 Qxb6 23. Ne3 a5 24. Red1 Rxd1+ 25. Rxd1 a4 26. Nd5 Qc6 27. Qe2 f6
28. g3 Rb8 29. Rd2 Kh7 30. Kg2 Rb7 31. h4 Nh8 32. h5 Nf7 33. Nh4 Nd6 34. Ng6 Qc8
35. Nde7 Bxe7 36. Nxe7 Rxe7 37. Rxd6 Rb7 38. Qd1 Qc4 39. Qg4 Rb8 40. Rd7 Rg8 41.
Rb7 a3 42. bxa3 Qxc3 43. Rb6 Kh8 44. Qg6 Rf8 45. Rb7 Rg8 46. Rf7 Qxa3 47. Rxf6
Rf8 48. Rxf8+ Qxf8 49. Qb6 Qe8 50. g4 Kh7 51. Qd6 Kg8 52. f3 Kf7 53. Qg6+ Kf8
54. Qb6 Ke7 55. Qc7+ Kf8 56. Qd6+ Kf7 57. Qg6+ Kf8 58. Qb6 Kf7 59. Kf2 Qd7 60.
Ke2 Ke7 61. Qc5+ Kf6 62. Qb6+ Ke7 63. Ke3 Kf7 64. Ke2 Ke7 65. Qc5+ Kf6 66. Qb6+
Ke7 67. Qb8 Kf6 68. Qb6+ Ke7 69. Qc5+ Kf6 70. Ke3 Ke6 71. Qb6+ Ke7 72. Ke2 Kf7
73. Qg6+ Kf8 74. Qb6 Ke7 75. Qc5+ Kf6 76. Ke3 Ke6 77. Qb6+ Ke7 78. Ke2 Kf7 79.
Qb8 Kf6 80. Qb6+ 1/2-1/2

[Event "TCh-RUS HL 2019"]
[Site "Sochi RUS"]
[Date "2019.05.08"]
[Round "7.5"]
[Board "3"]
[White "Konaplev, Anton"]
[Black "Dilmukhametov, Artur"]
[Result "0-1"]
[WhiteTitle "FM"]
[WhiteElo "2314"]
[BlackElo "2353"]
[WhiteTeam "Metrum Group (Smolensk region)"]
[BlackTeam "Polytechnic (Sverdlovsk region)"]
[WhiteFideId "24165646"]
[BlackFideId "24179922"]
[EventDate "2019.05.01"]

1. d4 e6 2. c4 Nf6 3. Nc3 Bb4 4. e3 Bxc3+ 5. bxc3 b6 6. Bd3 Bb7 7. f3 d6 8. Ne2
Nc6 9. e4 Nd7 10. Be3 Qe7 11. f4 e5 12. Ng3 O-O-O 13. O-O g6 14. fxe5 dxe5 15.
Qe2 h5 16. a3 Na5 17. c5 h4 18. Nh1 exd4 19. cxd4 Bxe4 20. Bg5 Qxg5 21. Bxe4 Nf6
22. cxb6 cxb6 23. Bf3 Kb8 24. Rab1 Nb7 25. Rb5 Nd5 26. Nf2 Rd7 27. Qe4 Rhd8 28.
Re1 Re7 29. Qxe7 Qxe7 30. Rxe7 Nxe7 31. Rb4 Nd6 32. Ng4 Ndf5 33. Ne5 f6 34. Ng4
Nxd4 35. Nxf6 Nxf3+ 36. gxf3 Rd1+ 37. Kg2 Rd2+ 38. Kh3 Rd3 39. Kxh4 Rxf3 40. Ne8
Rxa3 41. Re4 Nd5 42. Rd4 Re3 43. Nd6 Ne7 44. Kg5 Re6 45. h4 a5 46. Nc4 Kb7 47.
Rd8 Kc6 48. Ra8 Kb5 49. Nd2 Kb4 50. h5 gxh5 51. Kxh5 a4 52. Kg4 b5 53. Kf3 Nd5
54. Ne4 a3 55. Nd2 Nc3 56. Nb1 0-1

[Event "TCh-RUS HL 2019"]
[Site "Sochi RUS"]
[Date "2019.05.08"]
[Round "7.5"]
[Board "4"]
[White "Inozemtsev, Sergei"]
[Black "Pogosian, Georgy"]
[Result "1-0"]
[BlackTitle "FM"]
[WhiteElo "2310"]
[BlackElo "2088"]
[WhiteTeam "Polytechnic (Sverdlovsk region)"]
[BlackTeam "Metrum Group (Smolensk region)"]
[WhiteFideId "24129690"]
[BlackFideId "4119088"]
[EventDate "2019.05.01"]

1. e4 e6 2. d4 d5 3. e5 c5 4. c3 Nc6 5. Nf3 Bd7 6. Be2 Qb6 7. O-O cxd4 8. cxd4
Nh6 9. Nc3 Nf5 10. Na4 Qd8 11. b3 Be7 12. Bb2 O-O 13. Bd3 Nb4 14. Bxf5 exf5 15.
Nc3 Be6 16. Ne2 Rc8 17. Bc3 Qb6 18. Qd2 a5 19. Rfb1 Nc6 20. a3 Ra8 21. Nf4 Rfc8
22. h4 Qd8 23. g3 Qf8 24. Bb2 a4 25. b4 Nb8 26. Qd3 Qe8 27. Rc1 Nc6 28. Qd1 Na7
29. Ne1 Rxc1 30. Rxc1 Rc8 31. Ned3 b6 32. Ne2 Qd7 33. Nc3 b5 34. Ne2 h6 35. Nc5
Bxc5 36. bxc5 Nc6 37. Bc3 Rb8 38. Rb1 Qa7 39. Qd3 Qa6 40. Bd2 Ne7 41. Rb4 Nc6
42. Rb2 Ne7 43. Nc3 Bd7 44. Rb4 Qa8 45. Rb2 Rb7 46. Qb1 Bc6 47. Be3 Qc8 48. Na2
Qd7 49. Nb4 Rb8 50. h5 Rb7 51. Bf4 Qe6 52. Na2 Qd7 53. Qe1 Ra7 54. Nb4 Qe6 55.
Bd2 Bd7 56. Nd3 Qc6 57. Ba5 Ra8 58. Bd2 Rb8 59. Rc2 Rc8 60. Nf4 Be6 61. Rb2 Rb8
62. Be3 Ra8 63. Qb4 Bd7 64. Qe1 Be6 65. Ne2 Nc8 66. Qb4 Bd7 67. Bf4 Ra6 68. Qe1
Na7 69. Nc3 Qe6 70. Qb1 Bc6 71. Bd2 Bd7 72. Be3 Ra5 73. Na2 Bc6 74. Qe1 Ra6 75.
Nb4 Bb7 76. Nxa6 Qxa6 77. Qb1 Qe6 78. Qe1 Bc6 79. Qa5 Nc8 80. Qc7 Qe8 81. Bf4
Qe6 82. Re2 Kh7 83. Qd8 Bd7 84. Qc7 Bc6 85. Re1 Kg8 86. Kf1 Kh7 87. Ke2 Bd7 88.
Kd2 Be8 89. Rc1 Bc6 90. Rc3 Kg8 91. Rc1 Kh7 92. Qd8 Ne7 93. Qd6 Nc8 94. Qxe6
fxe6 95. Kc3 Be8 96. Kb4 Ne7 97. c6 Nxc6+ 98. Kc5 Na5 99. Kd6 Bf7 100. Rc7 Nc4+
101. Ke7 Bxh5 102. Kf8 Nxa3 103. Rxg7+ Kh8 104. Bxh6 Nc2 105. Bg5 a3 106. Bf6 1-0

[Event "TCh-RUS HL 2019"]
[Site "Sochi RUS"]
[Date "2019.05.08"]
[Round "7.6"]
[Board "1"]
[White "Antonenko, Vladimir"]
[Black "Smirnov, Timofey"]
[Result "1-0"]
[WhiteTitle "FM"]
[BlackTitle "FM"]
[WhiteElo "2387"]
[BlackElo "2354"]
[WhiteTeam "NGTU-NETI (Novosibirsk region)"]
[BlackTeam "School for Summer Sports (Moscow"]
[WhiteFideId "24159409"]
[BlackFideId "24176427"]
[EventDate "2019.05.01"]

1. d4 d5 2. c4 c6 3. Nf3 Nf6 4. Nc3 dxc4 5. a4 e6 6. e3 c5 7. Bxc4 Nc6 8. O-O
cxd4 9. Nxd4 Bd7 10. e4 Nxd4 11. Qxd4 Bc6 12. Qe3 Bb4 13. e5 Nd7 14. Qg3 Qa5 15.
Nb5 g6 16. Bh6 a6 17. Nd6+ Bxd6 18. exd6 O-O-O 19. b4 Qxb4 20. Rfc1 Nc5 21. Qf4
Ne4 22. Qxf7 Nxd6 23. Qxe6+ Kb8 24. Rab1 Qc5 25. Ba2 Qa3 26. Rxc6 Rhe8 27. Qd5
Nb5 28. Bf4+ Ka7 29. Qc5+ 1-0

[Event "TCh-RUS HL 2019"]
[Site "Sochi RUS"]
[Date "2019.05.08"]
[Round "7.6"]
[Board "2"]
[White "Ter-Saakian, Grigorii"]
[Black "Bublei, Pavel"]
[Result "1/2-1/2"]
[BlackTitle "FM"]
[WhiteElo "2177"]
[BlackElo "2370"]
[WhiteTeam "School for Summer Sports (Moscow"]
[BlackTeam "NGTU-NETI (Novosibirsk region)"]
[WhiteFideId "34136204"]
[BlackFideId "24112593"]
[EventDate "2019.05.01"]

1. e4 c6 2. Nc3 d5 3. Nf3 dxe4 4. Nxe4 Nf6 5. Nxf6+ exf6 6. d4 Bd6 7. Bc4 O-O 8.
O-O Nd7 9. Re1 a5 10. h3 Re8 11. Bd2 Nf8 12. Rxe8 Qxe8 13. Qe1 Bf5 14. Qxe8 Rxe8
15. Re1 Ra8 16. c3 a4 17. d5 Ng6 18. dxc6 bxc6 19. Bc1 Kf8 20. Rd1 Rd8 21. Kf1
Be4 22. Nd4 Ne5 23. Be2 Be7 24. f3 Bd5 25. f4 Nd7 26. c4 Be4 27. Bf3 Nc5 28. Ke2
Bd3+ 29. Ke3 Bxc4 30. Nxc6 Rxd1 31. Bxd1 Bd6 32. Nd4 Nd3 33. Ne2 Bc5+ 34. Kd2
Bb4+ 35. Ke3 Bc5+ 36. Kd2 Bb4+ 37. Ke3 Bc5+ 1/2-1/2

[Event "TCh-RUS HL 2019"]
[Site "Sochi RUS"]
[Date "2019.05.08"]
[Round "7.6"]
[Board "3"]
[White "Gubsky, Egor"]
[Black "Frolov, Aleksey G."]
[Result "1-0"]
[WhiteTitle "FM"]
[WhiteElo "2290"]
[BlackElo "2073"]
[WhiteTeam "NGTU-NETI (Novosibirsk region)"]
[BlackTeam "School for Summer Sports (Moscow"]
[WhiteFideId "4194055"]
[BlackFideId "34106500"]
[EventDate "2019.05.01"]

1. d4 Nf6 2. c4 g6 3. Nc3 d5 4. Bg5 Bg7 5. Bxf6 Bxf6 6. cxd5 O-O 7. e3 c6 8.
dxc6 Nxc6 9. Nf3 Qa5 10. Nd2 Rd8 11. Be2 Nxd4 12. exd4 Bxd4 13. O-O Be6 14. Qe1
Qb4 15. Nf3 Bg7 16. Nd1 Qb6 17. a3 a5 18. Rc1 Bf5 19. Ne3 Bxb2 20. Nc4 Qf6 21.
Nxb2 Qxb2 22. a4 Be4 23. Ng5 Bc6 24. Bf3 Bxa4 25. Qxe7 Rd7 26. Qe4 Bc6 27. Qh4
Bxf3 28. Qxh7+ Kf8 29. gxf3 Qf6 30. f4 Rad8 31. Rfe1 a4 32. Qh3 Kg7 33. Rc8 a3
34. Rxd8 Rxd8 35. Qxa3 Rd4 36. Qe7 Qxe7 37. Rxe7 Rxf4 38. Ne6+ Kf6 39. Rxf7+
Kxf7 40. Nxf4 b5 41. Nxg6 Kxg6 42. Kf1 Kf5 43. Ke2 1-0

[Event "TCh-RUS HL 2019"]
[Site "Sochi RUS"]
[Date "2019.05.08"]
[Round "7.6"]
[Board "4"]
[White "Petrov, Nikolay"]
[Black "Kolmagorov, Alexey"]
[Result "1/2-1/2"]
[WhiteElo "1976"]
[BlackElo "2180"]
[WhiteTeam "School for Summer Sports (Moscow"]
[BlackTeam "NGTU-NETI (Novosibirsk region)"]
[WhiteFideId "34175048"]
[BlackFideId "34129402"]
[EventDate "2019.05.01"]

1. Nf3 Nf6 2. b3 c5 3. Bb2 g6 4. e3 Bg7 5. c4 O-O 6. Be2 b6 7. O-O Bb7 8. d4
cxd4 9. Nxd4 d5 10. Nc3 dxc4 11. Bxc4 Nbd7 12. Rc1 Ne5 13. Be2 Rc8 14. f4 Nc6
15. Bf3 Qe8 16. Nce2 Na5 17. Bxb7 Nxb7 18. Nf3 Nc5 19. b4 Nce4 20. Qd3 Qa4 21.
a3 Rfd8 22. Ned4 Nd6 23. Ne5 Nd7 24. Ndc6 Nxe5 25. Nxe7+ Kf8 26. fxe5 Rxc1 27.
Rxc1 Nb7 28. Rc8 Kxe7 29. Rc7+ Ke8 30. Qc4 Qd1+ 31. Kf2 Qd2+ 32. Kf3 Qd1+ 33.
Kg3 Rd7 34. Rxb7 Qe1+ 35. Kf3 Qd1+ 36. Kg3 Qe1+ 37. Kf3 Qd1+ 38. Kg3 Qe1+ 39.
Kf3 Qd1+ 40. Kg3 Qe1+ 1/2-1/2

[Event "TCh-RUS HL 2019"]
[Site "Sochi RUS"]
[Date "2019.05.08"]
[Round "7.7"]
[Board "2"]
[White "Bogachkova, Alena"]
[Black "Boiarintsev, Vitaly"]
[Result "0-1"]
[WhiteTitle "WFM"]
[BlackTitle "FM"]
[WhiteElo "2141"]
[BlackElo "2327"]
[WhiteTeam "Law Faculty of Moscow State University (Moscow)"]
[BlackTeam "Altai Territory"]
[WhiteFideId "24166251"]
[BlackFideId "34128384"]
[EventDate "2019.05.01"]

1. e4 d5 2. exd5 Qxd5 3. Nc3 Qa5 4. d4 e5 5. dxe5 Nc6 6. Qd5 Bb4 7. Qxa5 Bxa5 8.
Nf3 Bg4 9. Bb5 Ne7 10. O-O O-O 11. Bg5 a6 12. Bxe7 Nxe7 13. Bd3 Ng6 14. Bxg6
fxg6 15. Nd2 Rae8 16. Rae1 Bf5 17. Nc4 Bxc3 18. bxc3 Bxc2 19. Re3 Rf4 20. Na5 b6
21. Nc6 Ba4 22. Nb4 a5 23. Nd5 Rc4 24. e6 Rc5 25. Nf4 g5 26. Ne2 Rc6 27. Nd4 Rd6
28. Rfe1 g6 29. h3 Kg7 30. Kh2 Re7 31. Kg3 c5 32. Nf3 Kf6 33. Ne5 Kg7 34. Nc4
Rc6 35. Rb1 b5 36. Nxa5 Rcxe6 37. Rxe6 Rxe6 38. Nb3 Re5 39. Rb2 Rd5 40. f3 Kf6
41. Kf2 Ke5 42. Ke3 h5 43. g3 Kf5 44. f4 gxf4+ 45. gxf4 Bxb3 46. axb3 c4 47.
bxc4 bxc4 48. Rg2 Rd3+ 49. Ke2 Rxh3 50. Rg5+ Kf6 51. Rc5 Rxc3 52. Kd2 Rf3 53.
Rxc4 Kf5 54. Ke2 Rxf4 55. Rc5+ Kg4 0-1

[Event "TCh-RUS HL 2019"]
[Site "Sochi RUS"]
[Date "2019.05.09"]
[Round "8.1"]
[Board "1"]
[White "Korneev, Oleg"]
[Black "Goryachkina, Aleksandra"]
[Result "1/2-1/2"]
[WhiteTitle "GM"]
[BlackTitle "GM"]
[WhiteElo "2530"]
[BlackElo "2522"]
[WhiteTeam "KPRF (Moscow)"]
[BlackTeam "Yamal (YaNAO)"]
[WhiteFideId "4156803"]
[BlackFideId "4147103"]
[EventDate "2019.05.01"]

1. e4 c6 2. c4 d5 3. exd5 cxd5 4. cxd5 Nf6 5. Nc3 Nxd5 6. Nf3 Nc6 7. d4 Bg4 8.
Qb3 Bxf3 9. gxf3 e6 10. Qxb7 Nxd4 11. Bb5+ Nxb5 12. Qc6+ Ke7 13. Qxb5 Qd7 14.
Nxd5+ Qxd5 15. Bg5+ f6 16. Qxd5 exd5 17. Be3 Ke6 18. O-O-O Bb4 19. a3 Rhc8+ 20.
Kb1 Bc5 21. Rhe1 Bxe3 22. Rxe3+ Kd6 23. Rde1 Rc4 24. b3 Rf4 25. Re6+ Kc7 26.
Re7+ Kc6 27. R7e6+ Kc7 28. Re7+ Kc6 29. R7e6+ Kc7 30. Re7+ Kc6 1/2-1/2

[Event "TCh-RUS HL 2019"]
[Site "Sochi RUS"]
[Date "2019.05.09"]
[Round "8.1"]
[Board "3"]
[White "Chernyshov, Konstantin"]
[Black "Belyakov, Bogdan"]
[Result "1/2-1/2"]
[WhiteTitle "GM"]
[BlackTitle "IM"]
[WhiteElo "2461"]
[BlackElo "2460"]
[WhiteTeam "KPRF (Moscow)"]
[BlackTeam "Yamal (YaNAO)"]
[WhiteFideId "4117328"]
[BlackFideId "24104795"]
[EventDate "2019.05.01"]

1. e4 e5 2. Nf3 Nc6 3. Bb5 Nf6 4. O-O Nxe4 5. d4 Nd6 6. Bxc6 dxc6 7. dxe5 Nf5 8.
Qxd8+ Kxd8 9. Nc3 Ke8 10. Bf4 Be7 11. Rad1 h5 12. Bg5 Be6 13. Bxe7 Kxe7 14. Rd2
Rhd8 15. Rfd1 Rxd2 16. Rxd2 a5 17. b3 b6 18. Kf1 Rb8 19. Ke2 Ra8 20. Ke1 Rb8 21.
Ke2 Ra8 22. Ke1 Rb8 23. Ke2 1/2-1/2

[Event "TCh-RUS HL 2019"]
[Site "Sochi RUS"]
[Date "2019.05.09"]
[Round "8.2"]
[Board "1"]
[White "Triapishko, Alexandr"]
[Black "Rychagov, Andrey"]
[Result "1-0"]
[WhiteTitle "IM"]
[BlackTitle "GM"]
[WhiteElo "2506"]
[BlackElo "2548"]
[WhiteTeam "Krym Nash"]
[BlackTeam "Botvinnik School (Moscow)"]
[WhiteFideId "14122286"]
[BlackFideId "4119932"]
[EventDate "2019.05.01"]

1. Nf3 d5 2. g3 Nf6 3. Bg2 e6 4. O-O Be7 5. b3 O-O 6. Bb2 b6 7. c4 Bb7 8. e3 c5
9. Nc3 a6 10. cxd5 Nxd5 11. Nxd5 Bxd5 12. Rc1 a5 13. d4 a4 14. bxa4 Qe8 15. dxc5
bxc5 16. Ba3 Qxa4 17. Bxc5 Bxc5 18. Qxa4 Rxa4 19. Rxc5 Rxa2 20. Ne5 Bxg2 21.
Kxg2 Ra7 22. Rd1 f6 23. Nc4 Nd7 24. Rc6 Re8 25. f4 Nf8 26. Kf3 Raa8 27. Rcd6 Ra4
28. Rc6 Raa8 29. g4 Rec8 30. Rdd6 h6 31. h4 Rab8 32. h5 Ra8 33. Nd2 Kf7 34. Nb3
Rxc6 35. Rxc6 Re8 36. Nd4 Kg8 37. Nb5 Rb8 38. Nd6 Ra8 39. Nc8 Nd7 40. Ne7+ Kf7
41. Ng6 Rb8 42. Rd6 Rb7 43. Rc6 Rb8 44. Rc7 Ke8 45. Ke4 Kd8 46. Ra7 Rb7 47. Ra8+
Rb8 48. Ra5 Rb4+ 49. Kd3 Kc7 50. Ke2 Kb7 51. Kf3 Rb3 52. Ra4 Nc5 53. Rc4 Nd7 54.
Ne7 Rb6 55. Rc8 f5 56. gxf5 Nf6 57. Rf8 Nxh5 58. Rf7 Ka6 59. fxe6 Rxe6 60. Nd5
Rg6 61. e4 Rg3+ 62. Kf2 g5 63. Rh7 Kb5 64. Rxh6 Rh3 65. fxg5 Kc5 66. g6 Rh2+ 67.
Kf3 1-0

[Event "TCh-RUS HL 2019"]
[Site "Sochi RUS"]
[Date "2019.05.09"]
[Round "8.2"]
[Board "2"]
[White "Novikov, Stanislav"]
[Black "Yeletsky, Ivan"]
[Result "1/2-1/2"]
[WhiteTitle "GM"]
[BlackTitle "FM"]
[WhiteElo "2535"]
[BlackElo "2422"]
[WhiteTeam "Botvinnik School (Moscow)"]
[BlackTeam "Krym Nash"]
[WhiteFideId "4125371"]
[BlackFideId "24180327"]
[EventDate "2019.05.01"]

1. Nf3 Nf6 2. g3 g6 3. Bg2 Bg7 4. O-O O-O 5. d3 d5 6. Nbd2 a5 7. c3 a4 8. Re1
Nc6 9. Qc2 b6 10. e4 dxe4 11. dxe4 Ng4 12. Nc4 Ba6 13. Bf1 Qc8 14. Bf4 b5 15.
Na3 b4 16. Nc4 a3 17. e5 axb2 18. Qxb2 Qe6 19. Qb3 Qd5 20. cxb4 Nd4 21. Nxd4
Qxd4 22. Qc2 Qd5 23. Qe4 Qxe4 24. Rxe4 Bxc4 25. Bxc4 g5 26. h3 gxf4 27. hxg4
fxg3 28. f4 Rfb8 29. Kg2 e6 30. f5 Rxb4 31. fxe6 Rb2+ 32. Be2 fxe6 33. Kxg3
Raxa2 34. Rxa2 Rxa2 35. Bc4 Ra3+ 36. Kf4 Kf7 37. Rd4 Ra5 38. Rd7+ Kf8 39. Bxe6
Bxe5+ 40. Ke4 h6 41. Rf7+ Ke8 42. Rh7 Bf6 43. Bd5 Bg5 44. Rxc7 Ra4+ 45. Rc4 1/2-1/2